01148nam a2200193Ia 4500001001000000003001000010008004100020040002500061041001300086100002600099245007500125250001100200260006600211300002800277500026000305501011400565520026000679650001500939L150-1483IT-CnALBA170116s9999||||xx |||||||||||||| ||und|| aIT-CnALBAcIT-CnALBA aITALIANO aFOERSTER W. FRIEDRICH 0aSCUOLA E CARATTERE. PROBLEMI PEDAGOGICO-MORALI DELLA VITA SCOLASTICA.  a3a ed. a BRESCIAbLA SCUOLA, SOCIETÀ EDITRICE c1963 [1° Ed.:1957] a429 p. (prefazione: 14) aCURATORE AGAZZI ALDO. TRADUZIONE DAL TEDESCO DI GIACOMUZZI VALENTINO. EDUCAZIONE NELLA SCUOLA. EDUCAZIONE IN CLASSE MISTA. EDUCAZIONE FISICA ED ETICA. SCUOLA DEL LAVORO. MENZOGNA SCOLASTICA. COMPITI PEDAGOGICI E SOCIALI DELLA SCUOLA. EDUCAZIONE POLITICA.  aSocietà San Paolo EM - Piazza San Paolo, 14 - 12051 ALBA (CN) (non commercial uses only) ® Copyright 2017 aCURATORE AGAZZI ALDO. TRADUZIONE DAL TEDESCO DI GIACOMUZZI VALENTINO. EDUCAZIONE NELLA SCUOLA. EDUCAZIONE IN CLASSE MISTA. EDUCAZIONE FISICA ED ETICA. SCUOLA DEL LAVORO. MENZOGNA SCOLASTICA. COMPITI PEDAGOGICI E SOCIALI DELLA SCUOLA. EDUCAZIONE POLITICA.  aPSICOLOGIA